00375nam a2200133Ia 4500008004100000020001500041041001200056082001600068100001400084245009300098260003400191300000800225650000800233221030s9999 xx 000 0 und d a8175151730 aEnglish a105.23bRai aH. C. Rai 0aText Book on Power Electronics - Devices, Circuits, Systems & Applicationscby H. C. Rai bGalgotia PubaNew Delhic1999 a694 aECE